000 00328nam a2200145Ia 4500
008 230718s9999 xx 000 0 und d
041 _aEng.
082 _a655.04
_bMUS-C
100 _aMusseig Aames
245 0 _aCactus Town
260 _aPakistan
_boxfer duciary press
_c2002
300 _a230
650 _aLaw
999 _c26567
_d26567